Precis des qeuvres mathematiques
Saved in:
| Main Author: | |
|---|---|
| Other Authors: | |
| Format: | Book |
| Language: | French |
| Published: |
Sceaux :
Editions J. Gabay,
c1989
|
| Subjects: | |
| Tags: |
Add Tag
No Tags, Be the first to tag this record!
|
MARC
| LEADER | 00000nam a2200000 i 4500 | ||
|---|---|---|---|
| 001 | 1/73419 | ||
| 008 | 990316s1989 fre d | ||
| 020 | |a 2-87647-055-1 | ||
| 035 | |l 10048807 | ||
| 040 | |a GR-MY-UA |b gre |e aacr | ||
| 041 | 0 | |a fre | |
| 082 | 0 | |a 512.72 | |
| 100 | 1 | |a Brassinne, E. |q (Emile) |d 1805-1884. | |
| 245 | 1 | 0 | |a Precis des qeuvres mathematiques / |c [par E. Brassine] |
| 260 | |a Sceaux : |b Editions J. Gabay, |c c1989 | ||
| 300 | |a 164 p.; |b ill.; |c 22 cm. | ||
| 500 | |a At head of title: Pierre Fermat | ||
| 500 | |a Originally published: Precis des cuvres mathematiques de P. Fermat et de l'arithmitique de mathematiques de P. Fermat et de l' arithmitique de Diophante: Toulouse: Impr. J. M. Douladoure, 1853 | ||
| 600 | 1 | 0 | |a Fermat Pierre de |d 1601-1665 |x Correspondence. |
| 650 | 0 | 0 | |a Diophantine analysis. |
| 650 | 0 | 0 | |a Geometry. |
| 700 | 1 | |a Fermat, Pierre de |d 1601-1665. | |
| 852 | |a INST |b SAMOS |e 19990316 |h 512.72 BRA |p 005300013340 |q 005300013340 |t BK |y 0 | ||
| 901 | |a BIBL-1999-1 | ||
| 909 | |a Σ |b 062994 | ||
| 922 | |a 3ΕΛΗ |b 199901 |c ΕΠΕΑΕΚ/ΜΑΘ |d LEADER | ||